Prathikopasana/ (Record no. 35696)

000 -LEADER
fixed length control field 00337nam a22001451a 4500
020 ## - INTERNATIONAL STANDARD BOOK NUMBER
ISBN 9788185616919
082 ## - DEWEY DECIMAL CLASSIFICATION NUMBER
Classification number S 294.537
Item number TAR/P
100 ## - MAIN ENTRY--AUTHOR NAME
Personal name Tharachand Garg
245 ## - TITLE STATEMENT
Title Prathikopasana/
Statement of responsibility, etc by Tharachand Garg
260 ## - PUBLICATION, DISTRIBUTION, ETC. (IMPRINT)
Place of publication New Delhi:
Name of publisher Sharada,
Year of publication 2003.
300 ## - PHYSICAL DESCRIPTION
Number of Pages 110p.
650 ## - SUBJECT ADDED ENTRY--TOPICAL TERM
Topical Term Hinduism
650 ## - SUBJECT ADDED ENTRY--TOPICAL TERM
Topical Term Religion
942 ## - ADDED ENTRY ELEMENTS (KOHA)
Koha item type Book
Holdings
Withdrawn status Lost status Damaged status Not for loan Permanent Location Current Location Date acquired Cost, normal purchase price Full call number Accession Number Cost, replacement price Price effective from Koha item type
        Sree Sankaracharya University of Sanskrit Sree Sankaracharya University of Sanskrit 08.01.2015 200.00 S 294.537 TAR/P 049224 0.00 08.01.2015 Book